| 000 | 01100nam a2200325 a 4500 | ||
|---|---|---|---|
| 001 | 000017497 | ||
| 003 | DO-SdBNP | ||
| 005 | 20250204080746.0 | ||
| 007 | ta | ||
| 008 | 100325s1969 dr r 001 j spa d | ||
| 040 |
_aDO-SdBNP _bspa _cBNPHU _erda |
||
| 041 | _hspa | ||
| 082 |
_aRD863.08 _bR696t _222 |
||
| 100 | 1 |
_aRodríguez Demorizi, Emilio, _d1908-1986 _eautor _91039 |
|
| 245 | 1 | 0 |
_aTradiciones y cuentos dominicanos / _cEmilio Rodríguez Demorizi. |
| 264 |
_aSanto Domingo : _bJulio D. Postigo e hijos, _c1969. |
||
| 300 |
_a275 páginas ; _c20 cm. |
||
| 336 |
_ardacontent _btexto _2txt |
||
| 337 |
_ardamedia _bsin mediación _2n |
||
| 338 |
_ardacarrier _bvolumen _2nc |
||
| 490 | 1 |
_aPensamiento dominicano _v42 |
|
| 500 | _aIncluye notas al pie de las páginas. | ||
| 590 | _aInventariado, 2019 / DG | ||
| 650 | 4 |
_aCuentos dominicanos _xColecciones _9503 |
|
| 650 | 0 |
_aLiteratura dominicana. _967 |
|
| 651 | 4 |
_aRepública Dominicana _xVida Social Y Costumbres _9405 |
|
| 830 | 0 |
_aPensamiento dominicano _n42 _938219 |
|
| 910 | _aValidado. Control de calidad. EMS | ||
| 942 |
_2ddc _cLBS1 |
||
| 999 |
_c17022 _d17022 |
||